Which 'ology' - Click Quiz - Statistics

General Stats
  • This quiz has been taken 437 times
    415 since last reset
  • The average score is 19 of 29
Answer Stats
Hint Answer % Correct
Animals Zoology
93%
Living things Biology
91%
Weather Meteorology
88%
Myths Mythology
84%
Celestial bodies Astrology
81%
Volcanoes Vulcanology
81%
Crime Criminology
79%
The heart Cardiology
78%
The mind Psychology
78%
Earthquakes Seismology
77%
God Theology
76%
Nerves Neurology
75%
Earth's structure Geology
70%
Cities Urbanology
69%
Word origins Etymology
64%
Birds Ornithology
64%
Events of historical dates Chronology
61%
Disease Pathology
60%
Age of trees Dendrochronology
59%
Fish Ichthyology
59%
Fossils Paleontology
58%
Development of human society Anthropology
57%
Reptiles and amphibians Herpetology
50%
Ancient peoples Archaeology
48%
Speech Phonology
48%
Human society Sociology
47%
Relationships of organisms Ecology
46%
Trees Dendrology
44%
Cultural heritage Ethnology
32%
No matching quizzes found
Score Distribution
Percent of People with Each Score
Percentile by Number Answered
Your Score History
You have not taken this quiz since the last reset